|
|
|
|
| LEADER |
00752nam a22002172a 4500 |
| 001 |
001449672 |
| 003 |
CZ BrMZK |
| 005 |
20150805124752.0 |
| 007 |
ta |
| 008 |
150116s1954 xo er|||||||||||slo d |
| 040 |
|
|
|a ABA012
|b cze
|d ABA012
|d OLA001
|d BOA001
|
| 041 |
0 |
|
|a slo
|a hun
|
| 100 |
1 |
|
|a Horváth, Imre
|7 jx20080205014
|4 aut
|
| 245 |
1 |
0 |
|a Slovenská čítanka a cvičebnica pre 4. ročník všeobecnovzdelávacích škôl s maďarským vyučovacím jazykom /
|c Imre Horváth
|
| 250 |
|
|
|a 1. vyd.
|
| 260 |
|
|
|a Bratislava :
|b Státní pedagogické nakladatelství,
|c 1954
|
| 300 |
|
|
|a 153 s.
|
| 910 |
|
|
|a BOA001
|b 2-0330.079
|
| 990 |
|
|
|a BK
|
| 991 |
|
|
|b 201501
|
| 996 |
7 |
|
|b 2618998759
|c 2-0330.079
|l MZK
|r Sklad / do 24 hodin
|n 0
|w 001484533
|u 000010
|a 1
|e BOA001
|j MZK50
|s A
|